000
00218nam a2200085Ia 4500
008
180219s9999 xx 000 0 und d
100
_a
Sharma Ritu
245
0
_a
Work Experience In Education
260
_a
Vinay Rakheja R. Lall Meerut
260
_c
2012
999
_c
42227
_d
42227